000 00342nam a2200133Ia 4500
008 090124s9999 xx 000 0 und d
082 _b19513
_a919
245 _a आसुरी लालसा
250 _a0
300 _a21
630 _a आसुरी लालसा
730 _a आसुरी लालसा
942 _cBOOK
999 _c133412
_d133412